000 00452nam a22001817a 4500
003 MPLRDC
005 20220104125450.0
008 210129b ||||| |||| 00| 0 eng d
020 _a978-7-8022-5952-2
082 _a857.75 GDH
100 _a公渡河
245 _a靡城
_c刘铮 插图
250 _a一版一刷
260 _a中国
_b新星出版社
_c2010
300 _b397
650 _a中国文学--长篇小说
942 _cBK
_o857.75 GDH
999 _c27583
_d27573